000 00909cam a2200241 i 4500
005 20260204110709.0
008 250721s2005 jo gr 000 0 ara d
020 _a9957241818
082 1 4 _a372.4
_bم ص ط
100 1 _aمصطفى، رياض بدري
_eمؤلف.
245 1 0 _aمشكلات القراءة من الطفولة إلى المراهقة :
_b (التشخيص والعلاج) /
_cالدكتور رياض بدري مصطفى.
250 _aالطبعة الأولى.
264 3 1 _aعمان :
_bدار صفاء للنشر والتوزيع،
_c2005.
300 _a352 صفحة.
650 1 7 _aالقراءة.
650 1 7 _aالتوجيه القرائي.
650 1 7 _aتعليم القراءة.
650 1 7 _aمشكلات الطفولة.
650 1 7 _aالأطفال.
650 1 7 _aمهارات القراءة.
942 _2ddc
_cBK
999 _c95855
_d95855